Электродуговой синтез, исследование и моделирование физико-химических свойств карбидов и нитридов d-переходных металлов: автореферат диссертации на соискание ученой степени кандидата химических наук; спец. 02.00.04

Dades bibliogràfiques
Autor principal: Фролов Ю. А. Юрий Андреевич
Autor corporatiu: Кемеровский государственный университет (КемГУ)
Altres autors: Кутолин С. А. Сергей Алексеевич (научный руководитель)
Sumari:Защита сост. 7.02.1989 г.
For_staff_use
Idioma:rus
Publicat: Кемерово, [Б. и.], 1989
Matèries:
Format: MixedMaterials Llibre
KOHA link:https://koha.lib.tpu.ru/cgi-bin/koha/opac-detail.pl?biblionumber=313964

MARC

LEADER 00000nam0a2200000 4500
001 313964
005 20231102002629.0
035 |a (RuTPU)RU\TPU\book\339355 
090 |a 313964 
100 |a 20160205d1989 k y0rusy50 ca 
101 0 |a rus 
102 |a RU 
105 |a a dm 001zy 
200 1 |a Электродуговой синтез, исследование и моделирование физико-химических свойств карбидов и нитридов d-переходных металлов  |e автореферат диссертации на соискание ученой степени кандидата химических наук  |e спец. 02.00.04  |f Ю. А. Фролов  |g Кемеровский государственный университет (КемГУ) ; науч. рук. С. А. Кутолин 
210 |a Кемерово  |c [Б. и.]  |d 1989 
215 |a 25 с.  |c ил. 
300 |a Защита сост. 7.02.1989 г. 
320 |a Библиогр.: с. 22-25 (21 назв.) 
371 0 |a For_staff_use 
606 1 |a Металлы переходные,соединения  |2 stltpush  |3 (RuTPU)RU\TPU\subj\32839  |9 55261 
606 1 |a Металлы переходные  |x Химия  |2 stltpush  |3 (RuTPU)RU\TPU\subj\75062  |9 86943 
610 1 |a карбиды 
610 1 |a нитриды 
610 1 |a электродуговой синтез 
610 1 |a параметры 
610 1 |a физико-химические свойства 
610 1 |a компьютерные эксперименты 
610 1 |a авторефераты диссертаций 
610 1 |a труды учёных ТПУ 
675 |a 661.88(04)  |v 4 
675 |a 546.302(04)  |v 4 
686 |a 02.00.04  |2 oksvnk 
700 1 |a Фролов  |b Ю. А.  |g Юрий Андреевич 
702 1 |a Кутолин  |b С. А.  |c доктор химических наук, профессор  |f 1940-  |g Сергей Алексеевич  |2 stltpush  |3 (RuTPU)RU\TPU\pers\29408  |4 727  |9 13976 
712 0 2 |a Кемеровский государственный университет (КемГУ)  |2 stltpush  |3 (RuTPU)RU\TPU\col\402 
801 1 |a RU  |b 63413507  |c 20160205 
801 2 |a RU  |b 63413507  |c 20171024  |g RCR 
942 |c BK